000 00515nam a2200181Ia 4500
005 20250508162326.0
008 008 250505s9999 xx 000 0 eng d
037 _aTextual
040 _aFEDL
_beng
_cFEDL
041 _aeng
_2eng
084 _a501, PFE
_qFEDL
100 _aPfeiffer A
_979280
245 0 _aDialogues on fundamental questions of science and philosophy
260 _aOxford
_bPergamon Press Ltd
_c1967
300 _axi,128p.
942 _cTEXL
_h501, PFE
999 _c1375851
_d1375851